000 01363cam a22003854i 4500
003 PE-LiUPU
005 20250731173211.0
008 150625s r 000 0 d
035 _a(Sirsi) a32306
040 _aPE-LiUPU
_bspa
_cPE-LiUPU
_erda
082 0 4 _a200.4
_bN28
_221
100 1 _aNavarro Monzo, Julio,
_eautor.
245 1 0 _aDioses, mitos y cultos helenicos.
264 1 _aMontevideo :
_bFederación sudamericana de asociaciones crristianas,
_c1925.
336 _atext
_2rdacontent
337 _aunmediated
_2rdamedia
338 _avolume
_2rdacarrier
505 0 _aLos numenes. - La religión como factor socilogico. - Los poemas homéricos. - La teogonia de Hesidio. - El misticismo Dionisiaco.
526 _aSEG42
526 _aSEG41
526 _aSEG40
526 _aSEG39
526 _aP94
526 _aP87
526 _aP86
526 _aP85
526 _aP77
526 _aP76
526 _aP35
942 _2ddc
_cBOOK
949 _a200.4 N28
_wDEWEY
_c1
_i15229
_lCCODEBUL1
_mBUL
_p00.00
_r0
_sY
_tBOOK
_u2015-06-25
_xBIBLIOTECA
_zUNKNOWN
_0COMPRA
_o.STAFF. Colección General
596 _a1
999 _a200.4 N28
_wDEWEY
_c39944
_i15229
_d39944
_e2018-4-25
_f2021-11-11
_g5
_lCCODEBUL1
_mBUL
_n1
_q1
_r0
_sY
_tBOOK
_u2015-6-25
_xTEOLOGIA
_zUNKNOWN
_0COMPRA
_o.STAFF. Colección General
980 _81
_gALBERTO SANCHEZ Responsable de Automatización